000 00768nam a2200253Ia 4500
003 OSt
005 20221005081619.0
006 a|||||r|||| 00| 0
007 ta
008 221004b |||||||| |||| 00| 0 eng d
020 _a9788129113146 (pbk)
_c95
024 _a94890
037 _b415, 23/01/2009, Bhartiya Sahitya Bhawan
_cTextual
040 _aCRL
_cCRL
_beng
041 _2eng
_aeng
082 _aO111944,3N32,RR, P8
100 _aAminuddin Khan
_9611238
245 0 _aRight royal bastard
260 _aNew Delhi
_bRupa & Co. India
_c2008
300 _a168p.
_ccm.
650 _aENGLISH LITERATURE
942 _hO111944,3N32,RR, P8
_cTEXL
_2cc
999 _c988001
_d988001